Normal view
MARC view
- Computer Engineering -Ms Thesis.
Entry Topical Term
001 - CONTROL NUMBER
- control field: 16083
003 - CONTROL NUMBER IDENTIFIER
- control field: NUST
005 - DATE AND TIME OF LATEST TRANSACTION
- control field: 20190630134009.0
008 - FIXED-LENGTH DATA ELEMENTS
- fixed length control field: 190630|| aca||aabn | a|a d
040 ## - CATALOGING SOURCE
- Original cataloging agency: NUST
- Transcribing agency: NUST
150 ## - HEADING--TOPICAL TERM
- Topical term or geographic name entry element: Computer Engineering -Ms Thesis.
670 ## - SOURCE DATA FOUND
- Source citation: Work cat.: (NUST)524849: Ejaz, Adeel 16079, Fingerprint Matching Using Relaxation Local Greedy Search &Automated Detection of Partial Fingerprint Images/, Islamabad.
